[Event "Miedzynarodowy Turniej Szachowy Kowalewo"]
[Site "Kowalewo Pomorskie"]
[Date "2009.07.10"]
[Round "9.5"]
[White "Banasik, Krzysztof"]
[Black "Kuchnio, Przemyslaw"]
[Result "1-0"]
[WhiteElo "2300"]
[BlackElo "2093"]
[PlyCount "59"]
[EventDate "2009.??.??"]

1. c4 e5 2. Nc3 Bb4 3. e4 Ne7 4. Nge2 Nbc6 5. g3 O-O 6. Bg2 d6 7. O-O f5 8. d3
Be6 9. Nd5 Rb8 10. Bg5 Bc5 11. Nxe7+ Nxe7 12. exf5 Bxf5 13. d4 exd4 14. Nxd4 h6
15. Be3 Bd7 16. Qd3 Nf5 17. Nxf5 Rxf5 18. Bxc5 Rxc5 19. Bd5+ Kh8 20. b4 Rc6 21.
Bxc6 Bxc6 22. b5 Bd7 23. Qd4 b6 24. Rfe1 Bc8 25. Re3 Bb7 26. Rae1 Qg5 27. Re8+
Rxe8 28. Rxe8+ Kh7 29. Qd3+ g6 30. Qe3 1-0

[Event "Miedzynarodowy Turniej Szachowy Kowalewo"]
[Site "Kowalewo Pomorskie"]
[Date "2009.07.10"]
[Round "9.6"]
[White "Plichta, Kamil"]
[Black "Maciejewski, Miroslaw"]
[Result "1-0"]
[WhiteElo "2039"]
[BlackElo "2296"]
[PlyCount "31"]
[EventDate "2009.??.??"]

1. d4 Nf6 2. g4 Nxg4 3. e4 d5 4. Be2 h5 5. f3 Nf6 6. Nc3 dxe4 7. fxe4 e5 8.
dxe5 Qxd1+ 9. Bxd1 Ng4 10. Nd5 Na6 11. Nf3 c6 12. Nf4 Bc5 13. Nd3 Be3 14. h3
Bxc1 15. hxg4 Bh6 16. g5 1-0

[Event "Miedzynarodowy Turniej Szachowy Kowalewo"]
[Site "Kowalewo Pomorskie"]
[Date "2009.07.10"]
[Round "9.7"]
[White "Bernacki, Krzysztof"]
[Black "Budrewicz, Krzysztof"]
[Result "0-1"]
[WhiteElo "2074"]
[BlackElo "2374"]
[PlyCount "72"]
[EventDate "2009.??.??"]

1. e4 d5 2. exd5 Nf6 3. d4 Nxd5 4. c4 Nb6 5. Nf3 g6 6. a4 a5 7. c5 Nd5 8. Bc4
Bg7 9. O-O O-O 10. Qb3 Nb4 11. Bg5 h6 12. Bf4 Bf5 13. Be5 Bxe5 14. dxe5 e6 15.
Na3 Nd7 16. Qe3 Kg7 17. Rac1 Qe7 18. Be2 b6 19. c6 Nc5 20. Nd4 Bd3 21. Bxd3
Ncxd3 22. Rcd1 Nxb2 23. Rd2 Nxa4 24. Nab5 Nc5 25. f4 Rad8 26. Re2 Kh7 27. Rf3
Nd5 28. Qc1 f5 29. exf6 Qxf6 30. f5 exf5 31. Rh3 f4 32. Qc4 Ne3 33. Qc3 Ne4 34.
Qd3 Ng5 35. Rh5 Qxc6 36. Rxe3 Qc1+ 0-1

[Event "Miedzynarodowy Turniej Szachowy Kowalewo"]
[Site "Kowalewo Pomorskie"]
[Date "2009.07.10"]
[Round "9.8"]
[White "Rogala, Robert"]
[Black "Choroszej, Aleksander"]
[Result "1-0"]
[WhiteElo "2032"]
[BlackElo "2067"]
[PlyCount "52"]
[EventDate "2009.??.??"]

1. e4 d6 2. d3 g6 3. Bd2 Bg7 4. Bc3 e5 5. f4 Nc6 6. Nf3 Nge7 7. Be2 O-O 8. fxe5
dxe5 9. O-O Nd4 10. Nbd2 c5 11. Nc4 Nec6 12. Bd2 f5 13. Ne3 Nxe2+ 14. Qxe2 f4
15. Nd5 g5 16. Qf2 g4 17. Ne1 Nd4 18. c3 Ne6 19. Kh1 Bd7 20. Nc2 Bf6 21. Be1
Bg5 22. Qe2 Ng7 23. b4 Rc8 24. bxc5 Rc6 25. c4 Rh6 26. g3 Nh5 1-0

[Event "Miedzynarodowy Turniej Szachowy Kowalewo"]
[Site "Kowalewo Pomorskie"]
[Date "2009.07.10"]
[Round "9.9"]
[White "Kubicki, Marek"]
[Black "Klugiewicz, Jozef"]
[Result "1-0"]
[WhiteElo "2152"]
[BlackElo "1977"]
[PlyCount "105"]
[EventDate "2009.??.??"]

1. e4 d6 2. d4 Nf6 3. Nc3 g6 4. f3 c6 5. Be3 Nbd7 6. Qd2 b5 7. O-O-O Qa5 8. Kb1
Nb6 9. Nd5 Qxd2 10. Nxf6+ exf6 11. Rxd2 Nc4 12. Bxc4 bxc4 13. Ne2 d5 14. Re1
Bd6 15. Bh6 Bf8 16. Bf4 Be6 17. a3 h6 18. Nc3 Kd7 19. Rde2 g5 20. Bg3 h5 21. h3
h4 22. Bh2 Rd8 23. exd5 cxd5 24. Nb5 Kc6 25. Nc7 Bd7 26. Ne8 Bxa3 27. Nxf6 Bb4
28. c3 Bf5+ 29. Kc1 Bd6 30. Be5 Bd3 31. Re3 Rh6 32. Ng4 Re6 33. Bxd6 Kxd6 34.
Rxe6+ fxe6 35. Ne5 Rf8 36. Nxd3 cxd3 37. Kd2 Rh8 38. Rb1 e5 39. Kxd3 exd4 40.
Kxd4 a5 41. b4 a4 42. Ra1 Ra8 43. Ra2 a3 44. c4 Ra4 45. Kc3 dxc4 46. Kxc4 Kc6
47. Kb3 Kb5 48. Rxa3 Rxb4+ 49. Kc3 Rb1 50. Ra2 Rg1 51. Kd3 Re1 52. Re2 Rd1+ 53.
Ke4 1-0

[Event "Miedzynarodowy Turniej Szachowy Kowalewo"]
[Site "Kowalewo Pomorskie"]
[Date "2009.07.10"]
[Round "9.11"]
[White "Flazinski, Jozef"]
[Black "Sankiewicz, Grzegorz"]
[Result "1-0"]
[WhiteElo "2009"]
[BlackElo "1944"]
[PlyCount "113"]
[EventDate "2009.??.??"]

1. e4 c5 2. Nf3 d6 3. c3 Nf6 4. Bc4 e6 5. d3 Be7 6. Bg5 Nbd7 7. Nbd2 a6 8. d4
d5 9. exd5 Nxd5 10. Bxe7 Nxe7 11. Ne4 Nb6 12. Bb3 c4 13. Bc2 Nbd5 14. O-O Qc7
15. Ne5 Ng6 16. Nxc4 O-O 17. Ne3 Nde7 18. Qh5 f5 19. Ng5 h6 20. Nh3 Nf4 21.
Nxf4 Qxf4 22. g3 Qg5 23. Qxg5 hxg5 24. Nc4 Nd5 25. Rfe1 Bd7 26. Ne5 Bc8 27. Bb3
b5 28. Ng6 Rf6 29. Bxd5 Ra7 30. Bxe6+ Bxe6 31. Ne5 Bd5 32. a4 Rb7 33. Nd3 Bc6
34. Nc5 Ra7 35. a5 Kf7 36. b4 g4 37. Nd3 Be4 38. Ne5+ Kg8 39. Nxg4 Rg6 40. Ne5
Rd6 41. f3 Bd5 42. Kf2 g5 43. h4 f4 44. hxg5 fxg3+ 45. Kxg3 Rc7 46. Re3 Kg7 47.
f4 Rc8 48. f5 Kg8 49. Kf4 Rc7 50. g6 Rf6 51. Kg5 Rf8 52. Rh3 Re7 53. f6 Rc7 54.
Rf1 Rg7 55. Rf4 Be6 56. Rh6 Bf7 57. fxg7 1-0